100 boys names of 2010 Quiz Stats

 Plays Quiz not verified by Sporcle

Support Sporcle.
Go Orange.
Score 0/100 Timer 15:00
0 Plays Today
% Correct
Michael
85%
John
82.5%
Christopher
75%
Matthew
72.5%
James
72.5%
Daniel
70%
WIlliam
67.5%
David
67.5%
Jack
67.5%
Thomas
67.5%
Alex
67.5%
Jose
65%
Benjamin
62.5%
Kevin
62.5%
Jacob
60%
Andrew
60%
Robert
60%
Joshua
57.5%
Alexander
55%
Luke
55%
Zach
55%
Charles
55%
Jason
55%
Anthony
52.5%
Adam
52.5%
Sean
52.5%
Kyle
52.5%
Samuel
50%
Aaron
50%
Ryan
47.5%
Eric
47.5%
Brandon
45%
Lucas
42.5%
Justin
42.5%
% Correct
Ethan
40%
Nathan
40%
Henry
40%
Christian
37.5%
Aiden
37.5%
Brian
37.5%
Caleb
35%
Isaac
35%
Jordan
35%
Jesus
35%
Carlos
35%
Jackson
32.5%
Tyler
32.5%
Dylan
32.5%
Jeremiah
32.5%
Juan
32.5%
Ian
32.5%
Oliver
32.5%
Noah
30%
Evan
30%
Xavier
30%
Liam
27.5%
Eli
27.5%
Bryan
27.5%
Jayden
25%
Elijah
25%
Chase
25%
Austin
25%
Nathaniel
25%
Blake
25%
Aidan
22.5%
Logan
22.5%
Isaiah
22.5%
Brayden
22.5%
% Correct
Owen
22.5%
Hunter
22.5%
Cole
22.5%
Angel
20%
Cameron
20%
Tristan
20%
Hayden
20%
Parker
20%
Landon
17.5%
Carter
17.5%
Adrian
17.5%
Brody
17.5%
Josiah
17.5%
Miguel
17.5%
Nicolas
15%
Mason
15%
Cooper
15%
Ayden
15%
Gavin
12.5%
Julian
12.5%
Sebastian
12.5%
Carson
12.5%
Conner
10%
Levi
10%
Colton
10%
Wyatt
7.5%
Luis
7.5%
Diego
7.5%
Johnathon
5%
Gabrial
2.5%
Josheph
0%
Domonic
0%

You're not logged in!

Compare scores with friends on all Sporcle quizzes.
OR
Log In

From the Vault

A Few Years Off

by hscer

It sort of reminds us of our high school geography tests.
Remove Ads.
Support Sporcle.
Get the best of Sporcle when you Go Orange. This ad-free experience offers more features, more stats, and more fun while also helping to support Sporcle. Thank you for becoming a member.

Show Comments

Extras

Created Mar 16, 2011SourceReportNominate
Tags:name

Top Quizzes Today


Score Distribution

Your Account Isn't Verified!

In order to create a playlist on Sporcle, you need to verify the email address you used during registration. Go to your Sporcle Settings to finish the process.

Report this User

Report this user for behavior that violates our Community Guidelines.

Details: